[Event "Russian Championship (women blitz)"]
[Site "Sochi"]
[Date "2017.10.02"]
[Round "3.15"]
[White "Belkova, Diana"]
[Black "Belenkaya, Dina"]
[Result "0-1"]
[LiveChessVersion "1.4.8"]
[BlackElo "2204"]
[WhiteElo "1906"]

1. e4 c6 2. d4 {[%clk 0:03:03]} d5 {[%clk 0:03:05]} 3. e5 {[%clk 0:03:04]} c5
{[%clk 0:03:07]} 4. dxc5 {[%clk 0:03:05]} Nc6 {[%clk 0:03:08]} 5. Nf3
{[%clk 0:03:03]} Bg4 {[%clk 0:03:08]} 6. Bb5 {[%clk 0:02:59]} Qa5+
{[%clk 0:03:09]} 7. Nc3 {[%clk 0:03:00]} e6 {[%clk 0:03:10]} 8. Be3
{[%clk 0:02:59]} Nge7 {[%clk 0:03:07]} 9. h3 {[%clk 0:02:57]} Bxf3
{[%clk 0:03:04]} 10. gxf3 {[%clk 0:02:57]} O-O-O {[%clk 0:02:48]} 11. a3
{[%clk 0:02:12]} d4 {[%clk 0:02:39]} 12. b4 {[%clk 0:02:13]} Qc7 {[%clk 0:02:40]}
13. Ne4 {[%clk 0:02:10]} dxe3 {[%clk 0:02:33]} 14. Nd6+ {[%clk 0:02:11]} Kb8
{[%clk 0:02:34]} 15. fxe3 {[%clk 0:02:12]} Nxe5 {[%clk 0:02:33]} 16. f4
{[%clk 0:02:12]} N5c6 {[%clk 0:02:28]} 17. Qf3 {[%clk 0:02:01]} Nd5
{[%clk 0:02:29]} 18. Nc4 {[%clk 0:01:58]} Nc3 {[%clk 0:02:27]} 19. Bxc6
{[%clk 0:01:58]} Qxc6 {[%clk 0:02:28]} 20. Qxc6 {[%clk 0:01:58]} bxc6
{[%clk 0:02:29]} 21. Ne5 {[%clk 0:01:58]} Rc8 {[%clk 0:02:26]} 22. Nxf7
{[%clk 0:01:58]} Rg8 {[%clk 0:02:27]} 23. Ng5 {[%clk 0:01:46]} e5
{[%clk 0:02:12]} 24. fxe5 {[%clk 0:01:43]} Re8 {[%clk 0:02:12]} 25. Kd2
{[%clk 0:01:43]} Nd5 {[%clk 0:02:11]} 26. e4 {[%clk 0:01:14]} Nf4
{[%clk 0:02:09]} 27. Raf1 {[%clk 0:01:15]} Ng6 {[%clk 0:01:58]} 28. Nxh7
{[%clk 0:01:08]} Be7 {[%clk 0:01:54]} 29. Rhg1 {[%clk 0:01:01]} Nxe5
{[%clk 0:01:52]} 30. Ng5 {[%clk 0:00:48]} Bxg5+ {[%clk 0:01:53]} 31. Rxg5
{[%clk 0:00:49]} Re7 {[%clk 0:01:53]} 32. Rff5 {[%clk 0:00:43]} Nc4+
{[%clk 0:01:53]} 33. Kc3 {[%clk 0:00:44]} Nxa3 {[%clk 0:01:47]} 34. e5
{[%clk 0:00:38]} Nb5+ {[%clk 0:01:47]} 35. Kc4 {[%clk 0:00:39]} Rd8
{[%clk 0:01:41]} 36. Rg6 {[%clk 0:00:37]} Nd4 {[%clk 0:01:25]} 37. Rfg5
{[%clk 0:00:33]} Ne6 {[%clk 0:01:24]} 38. Rg4 {[%clk 0:00:32]} Rd2
{[%clk 0:01:17]} 39. c3 {[%clk 0:00:33]} Rf2 {[%clk 0:01:15]} 40. h4
{[%clk 0:00:25]} Rf5 {[%clk 0:01:13]} 41. Re4 {[%clk 0:00:24]} Kc7
{[%clk 0:01:08]} 42. Rg1 {[%clk 0:00:15]} Kb7 {[%clk 0:00:51]} 43. Rd1
{[%clk 0:00:15]} Nc7 {[%clk 0:00:41]} 44. e6 {[%clk 0:00:13]} Nd5
{[%clk 0:00:34]} 45. Rd3 {[%clk 0:00:07]} a6 {[%clk 0:00:33]} 46. Rg3
{[%clk 0:00:08]} Rf6 {[%clk 0:00:29]} 47. Reg4 {[%clk 0:00:07]} Rfxe6
{[%clk 0:00:18]} 48. Rxg7 {[%clk 0:00:08]} Ne3+ {[%clk 0:00:17]} 49. Kb3
{[%clk 0:00:08]} Nf5 {[%clk 0:00:16]} 50. Rxe7+ {[%clk 0:00:08]} Rxe7
{[%clk 0:00:16]} 51. Rh3 {[%clk 0:00:09]} Rh7 {[%clk 0:00:17]} 52. h5
{[%clk 0:00:11]} Ng7 {[%clk 0:00:15]} 53. Rd3 {[%clk 0:00:08]} Nxh5
{[%clk 0:00:14]} 54. Ka4 {[%clk 0:00:09]} Nf4 {[%clk 0:00:14]} 55. Rd2
{[%clk 0:00:06]} Nd5 {[%clk 0:00:15]} 56. Kb3 {[%clk 0:00:08]} Rh3
{[%clk 0:00:16]} 57. Rc2 {[%clk 0:00:09]} Kc7 {[%clk 0:00:16]} 58. Rc1
{[%clk 0:00:06]} Kd7 {[%clk 0:00:15]} 59. Rc2 {[%clk 0:00:08]} Re3
{[%clk 0:00:16]} 60. Rc1 {[%clk 0:00:08]} Ke6 {[%clk 0:00:17]} 61. Rc2
{[%clk 0:00:10]} Ke5 {[%clk 0:00:18]} 62. Rc1 {[%clk 0:00:08]} Ke4
{[%clk 0:00:20]} 63. Rc2 {[%clk 0:00:07]} Kf3 {[%clk 0:00:16]} 64. Kc4
{[%clk 0:00:04]} Re4+ {[%clk 0:00:11]} 65. Kd3 {[%clk 0:00:04]} Nf4+
{[%clk 0:00:10]} 0-1

[Event "Russian Championship (women blitz)"]
[Site "Sochi"]
[Date "2017.10.02"]
[Round "4.4"]
[White "Kashlinskaya, Alina"]
[Black "Kharmunova, Nadezhda"]
[Result "1-0"]
[LiveChessVersion "1.4.8"]
[BlackElo "2143"]
[WhiteElo "2390"]

1. d4 {[%clk 0:03:04]} Nf6 {[%clk 0:03:03]} 2. c4 {[%clk 0:03:05]} e6
{[%clk 0:03:02]} 3. Nc3 {[%clk 0:03:06]} Bb4 {[%clk 0:03:03]} 4. e3
{[%clk 0:03:07]} c5 {[%clk 0:02:59]} 5. Bd3 {[%clk 0:03:07]} Nc6 {[%clk 0:02:47]}
6. Nge2 {[%clk 0:03:06]} cxd4 {[%clk 0:02:41]} 7. exd4 {[%clk 0:03:06]} d5
{[%clk 0:02:42]} 8. c5 {[%clk 0:03:05]} O-O {[%clk 0:02:37]} 9. O-O
{[%clk 0:03:02]} e5 {[%clk 0:02:32]} 10. a3 {[%clk 0:02:57]} Ba5 {[%clk 0:02:19]}
11. dxe5 {[%clk 0:02:45]} Nxe5 {[%clk 0:02:20]} 12. Bg5 {[%clk 0:02:39]} Be6
{[%clk 0:02:06]} 13. Bc2 {[%clk 0:02:25]} Bxc3 {[%clk 0:01:37]} 14. Nxc3
{[%clk 0:02:25]} Ned7 {[%clk 0:01:16]} 15. Re1 {[%clk 0:02:19]} h6
{[%clk 0:01:13]} 16. Bxf6 {[%clk 0:02:08]} Qxf6 {[%clk 0:00:56]} 17. Qd3
{[%clk 0:01:51]} g6 {[%clk 0:00:51]} 18. Nxd5 {[%clk 0:01:52]} Qg5
{[%clk 0:00:40]} 19. Nc7 {[%clk 0:01:44]} Nxc5 {[%clk 0:00:36]} 20. Qc3
{[%clk 0:01:33]} Rac8 {[%clk 0:00:35]} 21. Re5 {[%clk 0:01:33]} Qe7
{[%clk 0:00:18]} 22. Rxc5 {[%clk 0:01:32]} b6 {[%clk 0:00:19]} 23. Nxe6
{[%clk 0:01:25]} Qxe6 {[%clk 0:00:17]} 24. Rxc8 {[%clk 0:01:23]} Rxc8
{[%clk 0:00:19]} 25. Qd2 {[%clk 0:01:19]} Rc5 {[%clk 0:00:11]} 26. h3
{[%clk 0:01:10]} Qc6 {[%clk 0:00:12]} 27. Bb3 {[%clk 0:01:01]} Rg5
{[%clk 0:00:12]} 28. f4 {[%clk 0:01:01]} Rg3 {[%clk 0:00:12]} 29. Bd5
{[%clk 0:00:59]} Qc5+ {[%clk 0:00:11]} 30. Kh2 {[%clk 0:01:00]} Re3
{[%clk 0:00:10]} 31. Rc1 {[%clk 0:01:00]} 1-0

[Event "Russian Championship (women blitz)"]
[Site "Sochi"]
[Date "2017.10.02"]
[Round "4.9"]
[White "Drozdova, Dina"]
[Black "Travkina, Anastasia"]
[Result "1-0"]
[LiveChessVersion "1.4.8"]
[BlackElo "2099"]
[WhiteElo "2222"]

1. d4 {[%clk 0:03:03]} d5 {[%clk 0:03:04]} 2. c4 {[%clk 0:03:04]} c6
{[%clk 0:03:05]} 3. cxd5 {[%clk 0:03:04]} cxd5 {[%clk 0:03:06]} 4. Nc3
{[%clk 0:03:05]} Nf6 {[%clk 0:03:06]} 5. Nf3 {[%clk 0:03:06]} Nc6
{[%clk 0:03:07]} 6. Bf4 {[%clk 0:03:07]} e6 {[%clk 0:03:06]} 7. e3
{[%clk 0:03:08]} Be7 {[%clk 0:03:07]} 8. Bd3 {[%clk 0:03:08]} Nh5
{[%clk 0:03:07]} 9. Bg3 {[%clk 0:03:08]} O-O {[%clk 0:03:08]} 10. Rc1
{[%clk 0:03:09]} g6 {[%clk 0:02:57]} 11. Be5 {[%clk 0:02:44]} Nxe5
{[%clk 0:02:07]} 12. dxe5 {[%clk 0:02:36]} f5 {[%clk 0:01:53]} 13. g3
{[%clk 0:02:18]} Bd7 {[%clk 0:01:30]} 14. Nd4 {[%clk 0:02:17]} Qb6
{[%clk 0:01:16]} 15. Qb3 {[%clk 0:01:51]} Bc5 {[%clk 0:00:56]} 16. Qxb6
{[%clk 0:01:45]} Bxb6 {[%clk 0:00:53]} 17. f4 {[%clk 0:01:36]} Rac8
{[%clk 0:00:44]} 18. Kd2 {[%clk 0:01:34]} Ng7 {[%clk 0:00:43]} 19. Bb5
{[%clk 0:01:30]} Bxb5 {[%clk 0:00:37]} 20. Ncxb5 {[%clk 0:01:31]} Bxd4
{[%clk 0:00:27]} 21. exd4 {[%clk 0:01:25]} a6 {[%clk 0:00:21]} 22. Nd6
{[%clk 0:01:25]} Rc6 {[%clk 0:00:21]} 23. Nxb7 {[%clk 0:01:15]} Rb6
{[%clk 0:00:22]} 24. Nc5 {[%clk 0:01:14]} Rxb2+ {[%clk 0:00:22]} 25. Rc2
{[%clk 0:01:16]} Rfb8 {[%clk 0:00:22]} 26. Rhc1 {[%clk 0:01:15]} Rxc2+
{[%clk 0:00:20]} 27. Rxc2 {[%clk 0:01:13]} a5 {[%clk 0:00:19]} 28. Nd7
{[%clk 0:01:08]} Rd8 {[%clk 0:00:18]} 29. Nf6+ {[%clk 0:01:04]} Kh8
{[%clk 0:00:16]} 30. Rc7 {[%clk 0:01:04]} Rb8 {[%clk 0:00:10]} 31. Ra7
{[%clk 0:01:01]} 1-0

[Event "Russian Championship (women blitz)"]
[Site "Sochi"]
[Date "2017.10.02"]
[Round "4.16"]
[White "Ilyina, Lada"]
[Black "Nebolsina, Vera"]
[Result "0-1"]
[LiveChessVersion "1.4.8"]
[BlackElo "2176"]
[WhiteElo "1767"]

1. e4 {[%clk 0:03:03]} c5 {[%clk 0:03:04]} 2. Nf3 {[%clk 0:03:02]} d6
{[%clk 0:03:05]} 3. Bb5+ {[%clk 0:03:02]} Nd7 {[%clk 0:03:03]} 4. O-O
{[%clk 0:03:00]} Ngf6 {[%clk 0:03:02]} 5. Nc3 {[%clk 0:03:00]} a6
{[%clk 0:02:56]} 6. Bxd7+ {[%clk 0:02:50]} Bxd7 {[%clk 0:02:56]} 7. d4
{[%clk 0:02:50]} cxd4 {[%clk 0:02:53]} 8. Nxd4 {[%clk 0:02:51]} g6
{[%clk 0:02:51]} 9. f4 {[%clk 0:02:38]} e5 {[%clk 0:02:22]} 10. Nb3
{[%clk 0:02:07]} Be7 {[%clk 0:01:56]} 11. fxe5 {[%clk 0:01:56]} dxe5
{[%clk 0:01:55]} 12. Bh6 {[%clk 0:01:57]} Qb6+ {[%clk 0:01:51]} 13. Kh1
{[%clk 0:01:52]} O-O-O {[%clk 0:01:36]} 14. Bg7 {[%clk 0:01:45]} Be6
{[%clk 0:01:19]} 15. Qe1 {[%clk 0:01:24]} Ng4 {[%clk 0:01:10]} 16. Bxh8
{[%clk 0:01:08]} Rxh8 {[%clk 0:01:11]} 17. Rf3 {[%clk 0:01:01]} h5
{[%clk 0:01:02]} 18. Nd5 {[%clk 0:00:55]} Bxd5 {[%clk 0:01:01]} 19. exd5
{[%clk 0:00:56]} f5 {[%clk 0:00:58]} 20. Qxe5 {[%clk 0:00:51]} Nxe5
{[%clk 0:00:58]} 0-1

[Event "Russian Championship (women blitz)"]
[Site "Sochi"]
[Date "2017.10.02"]
[Round "5.13"]
[White "Suslova, Alena"]
[Black "Girya, Olga"]
[Result "0-1"]
[LiveChessVersion "1.4.8"]
[BlackElo "2338"]
[WhiteElo "2076"]

1. c4 {[%clk 0:03:03]} c6 {[%clk 0:03:02]} 2. g3 {[%clk 0:03:02]} d5
{[%clk 0:03:03]} 3. Qc2 {[%clk 0:03:02]} Nf6 {[%clk 0:03:03]} 4. Bg2
{[%clk 0:03:03]} g6 {[%clk 0:02:49]} 5. Nf3 {[%clk 0:03:02]} Bg7 {[%clk 0:02:51]}
6. O-O {[%clk 0:03:02]} O-O {[%clk 0:02:51]} 7. d3 {[%clk 0:03:00]} dxc4
{[%clk 0:02:45]} 8. Qxc4 {[%clk 0:02:57]} Nbd7 {[%clk 0:02:36]} 9. Nc3
{[%clk 0:02:56]} Nb6 {[%clk 0:02:25]} 10. Qh4 {[%clk 0:02:42]} Nbd5
{[%clk 0:02:22]} 11. Nxd5 {[%clk 0:02:17]} Nxd5 {[%clk 0:02:23]} 12. Rb1
{[%clk 0:02:07]} e5 {[%clk 0:02:07]} 13. Qxd8 {[%clk 0:01:59]} Rxd8
{[%clk 0:02:08]} 14. a3 {[%clk 0:01:55]} a5 {[%clk 0:02:04]} 0-1

[Event "Russian Championship (women blitz)"]
[Site "Sochi"]
[Date "2017.10.02"]
[Round "5.14"]
[White "Tomilova, Elena"]
[Black "Markelova, Lubov"]
[Result "1-0"]
[LiveChessVersion "1.4.8"]
[BlackElo "2068"]
[WhiteElo "2279"]

1. c4 {[%clk 0:03:03]} c6 {[%clk 0:03:03]} 2. Nf3 {[%clk 0:03:03]} d5
{[%clk 0:03:04]} 3. e3 {[%clk 0:03:04]} Nf6 {[%clk 0:03:05]} 4. Nc3
{[%clk 0:03:05]} Bf5 {[%clk 0:03:04]} 5. cxd5 {[%clk 0:03:02]} cxd5
{[%clk 0:03:00]} 6. Qb3 {[%clk 0:03:02]} e6 {[%clk 0:02:08]} 7. Qxb7
{[%clk 0:02:59]} Nbd7 {[%clk 0:02:09]} 8. Bb5 {[%clk 0:02:33]} Bd6
{[%clk 0:02:06]} 9. Bxd7+ {[%clk 0:02:23]} Nxd7 {[%clk 0:02:06]} 10. Nb5
{[%clk 0:02:20]} O-O {[%clk 0:01:05]} 11. Nxd6 {[%clk 0:02:21]} Rb8 1-0

[Event "Russian Championship (women blitz)"]
[Site "Sochi"]
[Date "2017.10.02"]
[Round "5.15"]
[White "Tsepennikova, Tatyana"]
[Black "Vasilevich, Tatjana"]
[Result "0-1"]
[LiveChessVersion "1.4.8"]
[BlackElo "2229"]
[WhiteElo "2059"]

1. d4 {[%clk 0:03:03]} Nf6 {[%clk 0:03:04]} 2. Nf3 {[%clk 0:03:04]} e6
{[%clk 0:03:04]} 3. Bg5 {[%clk 0:03:05]} d5 {[%clk 0:03:05]} 4. e3
{[%clk 0:03:05]} Be7 {[%clk 0:03:04]} 5. Bd3 {[%clk 0:03:06]} c5 {[%clk 0:03:05]}
6. c3 {[%clk 0:03:07]} Nc6 {[%clk 0:03:06]} 7. Nbd2 {[%clk 0:03:03]} b6
{[%clk 0:02:57]} 8. O-O {[%clk 0:02:57]} h6 {[%clk 0:02:55]} 9. Bf4
{[%clk 0:02:57]} O-O {[%clk 0:02:54]} 10. Ne5 {[%clk 0:02:55]} Bb7
{[%clk 0:02:53]} 11. Ndf3 {[%clk 0:02:54]} Nxe5 12. Nxe5 {[%clk 0:02:52]} Ne4
{[%clk 0:02:29]} 13. Qg4 {[%clk 0:02:15]} f5 {[%clk 0:02:17]} 14. Qh5
{[%clk 0:02:08]} Qe8 {[%clk 0:02:03]} 15. Qxe8 {[%clk 0:02:01]} Rfxe8
{[%clk 0:02:03]} 16. Bxe4 {[%clk 0:01:59]} dxe4 {[%clk 0:02:00]} 0-1

[Event "Russian Championship (women blitz)"]
[Site "Sochi"]
[Date "2017.10.02"]
[Round "5.16"]
[White "Shafigullina, Zarina"]
[Black "Styazhkina, Anna"]
[Result "1-0"]
[LiveChessVersion "1.4.8"]
[BlackElo "2198"]
[WhiteElo "2041"]

1. d4 {[%clk 0:03:03]} d5 {[%clk 0:03:03]} 2. Nf3 {[%clk 0:03:04]} Nf6
{[%clk 0:03:04]} 3. g3 {[%clk 0:03:05]} Bg4 {[%clk 0:03:01]} 4. Bg2
{[%clk 0:03:06]} e6 {[%clk 0:03:02]} 5. O-O {[%clk 0:03:06]} Be7 {[%clk 0:03:02]}
6. c4 {[%clk 0:03:06]} c6 {[%clk 0:03:04]} 7. Nc3 {[%clk 0:03:06]} O-O
{[%clk 0:03:04]} 8. h3 {[%clk 0:03:05]} Bxf3 {[%clk 0:02:46]} 9. Bxf3
{[%clk 0:03:04]} Nbd7 {[%clk 0:02:44]} 10. cxd5 {[%clk 0:02:52]} exd5
{[%clk 0:02:45]} 11. Bf4 {[%clk 0:02:51]} Re8 {[%clk 0:02:45]} 12. Qc2
{[%clk 0:02:48]} Nf8 {[%clk 0:02:45]} 13. Bg2 {[%clk 0:02:39]} Ne6
{[%clk 0:02:45]} 14. Be5 {[%clk 0:02:40]} Nd7 {[%clk 0:02:41]} 15. Qd2
{[%clk 0:02:08]} Qb6 {[%clk 0:02:21]} 16. Rad1 {[%clk 0:01:37]} 1-0

[Event "Russian Championship (women blitz)"]
[Site "Sochi"]
[Date "2017.10.02"]
[Round "6.7"]
[White "Kharmunova, Nadezhda"]
[Black "Voit, Daria"]
[Result "0-1"]
[LiveChessVersion "1.4.8"]
[BlackElo "2323"]
[WhiteElo "2143"]

1. Nf3 {[%clk 0:03:03]} c5 {[%clk 0:03:03]} 2. g3 {[%clk 0:03:00]} b6
{[%clk 0:03:04]} 3. Bg2 {[%clk 0:03:01]} Bb7 {[%clk 0:03:05]} 4. O-O
{[%clk 0:03:00]} g6 {[%clk 0:03:06]} 5. d3 {[%clk 0:03:01]} Bg7 {[%clk 0:03:07]}
6. e4 {[%clk 0:03:01]} d5 {[%clk 0:03:07]} 7. e5 {[%clk 0:02:56]} e6
{[%clk 0:03:02]} 8. Re1 {[%clk 0:02:42]} Nd7 {[%clk 0:03:00]} 9. Nbd2
{[%clk 0:02:40]} Ne7 {[%clk 0:03:01]} 10. c4 {[%clk 0:02:34]} O-O
{[%clk 0:02:55]} 11. cxd5 {[%clk 0:02:33]} Bxd5 {[%clk 0:02:48]} 12. Nc4
{[%clk 0:02:29]} Qc7 {[%clk 0:02:47]} 13. Bg5 {[%clk 0:02:19]} Nc6
{[%clk 0:02:48]} 14. Qd2 {[%clk 0:02:01]} Ndxe5 {[%clk 0:01:55]} 15. Nfxe5
{[%clk 0:01:56]} Nxe5 {[%clk 0:01:55]} 16. Bf4 {[%clk 0:01:30]} Bxg2
{[%clk 0:01:55]} 17. Nxe5 {[%clk 0:01:25]} Qb7 {[%clk 0:01:56]} 18. Qe3
{[%clk 0:01:06]} f6 {[%clk 0:01:47]} 19. Nc4 {[%clk 0:01:02]} e5 {[%clk 0:01:33]}
20. Bh6 {[%clk 0:00:54]} Bh1 {[%clk 0:01:29]} 21. f3 {[%clk 0:00:44]} Qxf3
{[%clk 0:01:24]} 22. Qxf3 {[%clk 0:00:44]} Bxf3 {[%clk 0:01:25]} 23. Bxg7
{[%clk 0:00:43]} Kxg7 {[%clk 0:01:25]} 24. Kf2 {[%clk 0:00:44]} Bc6
{[%clk 0:01:25]} 25. Ke3 {[%clk 0:00:43]} Rad8 {[%clk 0:01:26]} 26. Rf1
{[%clk 0:00:39]} Rd4 {[%clk 0:01:27]} 27. Rad1 {[%clk 0:00:38]} Rfd8
{[%clk 0:01:28]} 28. b3 {[%clk 0:00:27]} e4 {[%clk 0:01:27]} 29. Nb2
{[%clk 0:00:27]} exd3 {[%clk 0:01:27]} 30. Kd2 {[%clk 0:00:25]} Re8
{[%clk 0:01:23]} 31. Rde1 {[%clk 0:00:25]} Re2+ {[%clk 0:01:21]} 32. Kc3
{[%clk 0:00:24]} Rc2# {[%clk 0:01:19]} 33. Rh1 0-1

[Event "Russian Championship (women blitz)"]
[Site "Sochi"]
[Date "2017.10.02"]
[Round "7.2"]
[White "Bivol, Alina"]
[Black "Kabanova, Ekaterina"]
[Result "1/2-1/2"]
[LiveChessVersion "1.4.8"]
[BlackElo "2136"]
[WhiteElo "2308"]

1. Nf3 {[%clk 0:03:03]} c5 {[%clk 0:03:02]} 2. e4 {[%clk 0:03:04]} e6
{[%clk 0:03:03]} 3. g3 {[%clk 0:03:05]} Qc7 {[%clk 0:03:04]} 4. Bg2 a6 5. O-O
{[%clk 0:03:02]} b5 {[%clk 0:03:06]} 6. d4 {[%clk 0:02:57]} cxd4 {[%clk 0:03:07]}
7. Nxd4 {[%clk 0:02:55]} Bb7 {[%clk 0:03:08]} 8. Re1 {[%clk 0:02:44]} d6
{[%clk 0:03:08]} 9. a4 {[%clk 0:02:44]} bxa4 {[%clk 0:03:06]} 10. c3
{[%clk 0:02:42]} Nd7 {[%clk 0:03:06]} 11. Qxa4 {[%clk 0:02:42]} Ngf6
{[%clk 0:03:06]} 12. Nd2 {[%clk 0:02:36]} Be7 {[%clk 0:03:07]} 13. Qc4
{[%clk 0:02:23]} Qb6 {[%clk 0:02:57]} 14. Ra4 {[%clk 0:02:14]} Rc8
{[%clk 0:02:44]} 15. Qe2 {[%clk 0:02:09]} O-O {[%clk 0:02:42]} 16. Rb4
{[%clk 0:02:09]} Qc7 {[%clk 0:02:42]} 17. e5 {[%clk 0:02:02]} Nd5
{[%clk 0:02:28]} 18. exd6 {[%clk 0:02:01]} Bxd6 {[%clk 0:02:29]} 19. Ra4
{[%clk 0:02:00]} Nc5 {[%clk 0:02:24]} 20. Ra1 {[%clk 0:01:59]} Rfe8
{[%clk 0:02:19]} 21. Nc4 {[%clk 0:01:59]} Bf8 {[%clk 0:02:18]} 22. Ne5
{[%clk 0:01:51]} Nd7 {[%clk 0:01:50]} 23. Nxd7 {[%clk 0:01:48]} Qxd7
{[%clk 0:01:51]} 24. Nf3 {[%clk 0:01:27]} Bc5 {[%clk 0:01:49]} 25. Bd2
{[%clk 0:01:24]} Bb6 {[%clk 0:01:46]} 26. Red1 {[%clk 0:01:23]} Qc7
{[%clk 0:01:42]} 27. Ne5 {[%clk 0:01:15]} f6 {[%clk 0:01:36]} 28. Nd3
{[%clk 0:01:14]} a5 {[%clk 0:01:24]} 29. Nf4 {[%clk 0:00:59]} Nxf4
{[%clk 0:01:20]} 30. Bxf4 {[%clk 0:01:01]} e5 {[%clk 0:01:21]} 31. Be3
{[%clk 0:01:02]} Bxg2 {[%clk 0:01:21]} 32. Kxg2 {[%clk 0:01:03]} Red8
{[%clk 0:01:19]} 33. Bxb6 {[%clk 0:00:40]} Qxb6 {[%clk 0:01:19]} 34. Rxd8+
{[%clk 0:00:35]} Rxd8 {[%clk 0:01:17]} 35. Qc4+ {[%clk 0:00:37]} Kh8
{[%clk 0:01:16]} 36. b4 {[%clk 0:00:30]} axb4 {[%clk 0:01:17]} 37. cxb4
{[%clk 0:00:32]} h5 {[%clk 0:01:10]} 38. Ra2 {[%clk 0:00:33]} Qb7+
{[%clk 0:00:55]} 39. f3 {[%clk 0:00:29]} Rd4 {[%clk 0:00:56]} 40. Qe6
{[%clk 0:00:14]} Rxb4 {[%clk 0:00:52]} 41. Qe8+ {[%clk 0:00:15]} Kh7
{[%clk 0:00:51]} 42. Qxh5+ Kg8 1/2-1/2

[Event "Russian Championship (women blitz)"]
[Site "Sochi"]
[Date "2017.10.02"]
[Round "11.3"]
[White "Voit, Daria"]
[Black "Ambartsumova, Karina"]
[Result "1-0"]
[LiveChessVersion "1.4.8"]
[BlackElo "2347"]
[WhiteElo "2323"]

1. d4 {[%clk 0:03:03]} Nf6 {[%clk 0:03:03]} 2. c4 {[%clk 0:03:04]} g6
{[%clk 0:03:04]} 3. Nc3 {[%clk 0:03:04]} Bg7 {[%clk 0:03:05]} 4. Nf3
{[%clk 0:03:04]} O-O {[%clk 0:03:06]} 5. Bg5 {[%clk 0:03:04]} h6 {[%clk 0:02:52]}
6. Bh4 {[%clk 0:03:03]} d6 {[%clk 0:02:51]} 7. e3 {[%clk 0:03:02]} g5
{[%clk 0:02:31]} 8. Bg3 {[%clk 0:03:03]} Nh5 {[%clk 0:02:32]} 9. Qc2
{[%clk 0:03:04]} e6 {[%clk 0:02:19]} 10. Be2 {[%clk 0:03:01]} Qe7
{[%clk 0:02:00]} 11. Nd2 {[%clk 0:02:46]} Nxg3 {[%clk 0:02:00]} 12. hxg3
{[%clk 0:02:46]} c5 {[%clk 0:01:52]} 13. dxc5 {[%clk 0:02:24]} dxc5
{[%clk 0:01:52]} 14. f4 {[%clk 0:02:19]} Nc6 {[%clk 0:01:34]} 15. O-O-O
{[%clk 0:02:16]} f5 {[%clk 0:01:06]} 16. Bf3 {[%clk 0:01:23]} Bd7
{[%clk 0:01:02]} 17. g4 {[%clk 0:01:14]} fxg4 {[%clk 0:00:42]} 18. Bxg4
{[%clk 0:01:14]} gxf4 {[%clk 0:00:44]} 19. exf4 {[%clk 0:01:12]} Rxf4
{[%clk 0:00:45]} 20. Bh3 {[%clk 0:00:55]} Nd4 {[%clk 0:00:44]} 21. Qd3
{[%clk 0:00:56]} Bc6 {[%clk 0:00:32]} 22. Rde1 {[%clk 0:00:56]} Qf6
{[%clk 0:00:28]} 23. Rhf1 {[%clk 0:00:53]} Rxf1 {[%clk 0:00:22]} 24. Rxf1
{[%clk 0:00:53]} Qg5 {[%clk 0:00:24]} 25. Nce4 {[%clk 0:00:50]} Bxe4
{[%clk 0:00:19]} 26. Qxe4 {[%clk 0:00:50]} Rd8 {[%clk 0:00:17]} 27. Bxe6+
{[%clk 0:00:47]} Nxe6 {[%clk 0:00:13]} 28. Qxe6+ {[%clk 0:00:48]} Kh8
{[%clk 0:00:14]} 29. Rf2 {[%clk 0:00:48]} Qg3 {[%clk 0:00:07]} 30. Qe2
{[%clk 0:00:42]} Qg5 {[%clk 0:00:05]} 31. Kc2 {[%clk 0:00:41]} Qg6+
{[%clk 0:00:06]} 32. Kc1 {[%clk 0:00:32]} Re8 {[%clk 0:00:07]} 33. Qd1
{[%clk 0:00:29]} Bd4 {[%clk 0:00:08]} 34. Re2 {[%clk 0:00:29]} Rd8
{[%clk 0:00:09]} 35. Qc2 {[%clk 0:00:29]} Qg7 {[%clk 0:00:09]} 36. Nf3
{[%clk 0:00:29]} Bf6 {[%clk 0:00:08]} 37. Qe4 {[%clk 0:00:29]} b6
{[%clk 0:00:08]} 38. Qf5 {[%clk 0:00:20]} Rf8 {[%clk 0:00:08]} 39. Qd5
{[%clk 0:00:17]} Rd8 {[%clk 0:00:09]} 40. Qe6 {[%clk 0:00:18]} Rf8
{[%clk 0:00:06]} 41. Rd2 {[%clk 0:00:16]} Kh7 {[%clk 0:00:04]} 42. Rd7
{[%clk 0:00:16]} 1-0